000 01691cad a22002415a 4500
001 L160073
008 100415u20180410xxk g 000 0 eng d
035 _a(Sirsi) u160073
041 0 _aeng
050 0 4 _a711.1 $2 18
110 _aRoyal Institution of Chartered Surveyors
_94900
245 0 4 _aThe exercise of permitted development rights in England since 2010
_h[electronic resource]
260 _aLondon
_bRICS
_c2018
490 0 _aRICS Research
520 _aPresents an analysis of the exercise of permitted development (PD) rights in England since 2010 and an initial estimate of the direct financial costs and benefits of PD to the public sector. By undertaking a combined research approach involving mapping changes to the residential housing supply across England and conducting a cost-benefit analysis of PD for local authorities, the research highlights a number of interesting findings, such as the bulk of additional dwellings that result from the exercise of PD rights take the form of small scale conversions from business uses; large conversion scheme account for the largest element of the direct financial costs of PD to public authorities; and the extension of PD rights facilitates long term structural change in England?s built environment.
590 _aKA NTK
650 2 4 _aPERMITTED DEVELOPMENT RIGHTS
650 2 4 _aTOWN AND COUNTRY PLANNING (GENERAL PERMITTED DEVELOPMENT) (ENGLAND) ORDER 2015
651 4 _aUnited Kingdom
690 _aPlanning and development
_96259
856 4 0 _uhttps://www.rics.org/news-insights/research-and-insights/the-exercise-of-permitted-development-rights-in-england-since-2010
_zAvailable free on RICS.org
942 _n0
_2ddc
999 _c116190
_d116190